| 000 | 00518nam a2200193Ia 4500 | ||
|---|---|---|---|
| 005 | 20250508163341.0 | ||
| 008 | 008 250505s9999 xx 000 0 eng d | ||
| 037 | _aTextual | ||
| 040 |
_aFEDL _beng _cFEDL |
||
| 041 |
_aeng _2eng |
||
| 084 |
_a170, JOH _qFEDL |
||
| 100 |
_aJohnson Oliver A. Ed. _9110482 |
||
| 245 | 0 | _aEthics : A source book | |
| 260 |
_aNew York, USA _bThe Dryden Press _c1958 |
||
| 300 | _aix,546p. | ||
| 650 | _aEthics | ||
| 942 |
_cTEXL _h170, JOH |
||
| 999 |
_c1382487 _d1382487 |
||